[Event "XXXII Festival A"]
[Site "Arco ITA"]
[Date "2010.10.20"]
[Round "5"]
[White "Wagner, Frank"]
[Black "Bortolotti, Silvano"]
[Result "1-0"]
[WhiteElo "1919"]
[BlackElo "1778"]
[PlyCount "69"]
[EventDate "2010.10.16"]

1. Nf3 Nf6 2. g3 d5 3. Bg2 Bf5 4. d3 Nc6 5. O-O Qd7 6. Re1 e6 7. Nbd2 Bc5 8. c3
Rd8 9. d4 Bd6 10. Nh4 Bg4 11. Qc2 Be7 12. e4 dxe4 13. Nxe4 Nxe4 14. Qxe4 Bxh4
15. Qxg4 Bf6 16. d5 Ne5 17. Qh3 O-O 18. dxe6 fxe6 19. Be4 g6 20. Bh6 Rfe8 21.
Rad1 Qe7 22. Bf4 Rxd1 23. Rxd1 c6 24. Bxe5 Bxe5 25. Qg4 Bg7 26. h4 Kh8 27. h5
g5 28. Bc2 h6 29. Qe4 Bf6 30. Qg6 Rf8 31. Qxh6+ Kg8 32. Qg6+ Kh8 33. h6 Rg8 34.
Qe4 e5 35. Qf5 1-0

[Event "XXXII Festival A"]
[Site "Arco ITA"]
[Date "2010.10.20"]
[Round "5"]
[White "Zangrando, Gianpietro"]
[Black "Mumelter, Igor"]
[Result "1/2-1/2"]
[WhiteElo "1822"]
[BlackElo "1839"]
[PlyCount "146"]
[EventDate "2010.10.16"]

1. c4 Nf6 2. Nc3 e6 3. g3 d5 4. Bg2 Be7 5. Nf3 O-O 6. O-O dxc4 7. Ne5 Qd4 8.
Nf3 Qd8 9. Qa4 a6 10. Qxc4 b5 11. Qb3 Bb7 12. d3 Nbd7 13. Qc2 c5 14. b3 Rc8 15.
Bb2 c4 16. dxc4 bxc4 17. Rfd1 Qc7 18. bxc4 Qxc4 19. Ne5 Qc7 20. Nxd7 Nxd7 21.
Bxb7 Qxb7 22. Rab1 Qc6 23. Qe4 Nf6 24. Qxc6 Rxc6 25. Ba1 Rfc8 26. Rb7 Bf8 27.
Rd3 a5 28. Kg2 Rd6 29. Rxd6 Bxd6 30. Nb5 Bb4 31. a3 Bc5 32. Bxf6 gxf6 33. Rd7
Kg7 34. a4 Bb4 35. Nc7 Kg6 36. h4 h5 37. e4 Bd6 38. Nb5 Bb4 39. Nc7 Bc5 40. Nb5
Bb4 41. Nc7 Bc5 42. Kf3 Bb4 43. Ke2 Bc5 44. f4 Bb6 45. f5+ exf5 46. exf5+ Kxf5
47. Nd5 Bc5 48. Rxf7 Ke6 49. Rc7 Rxc7 50. Nxc7+ Kf5 51. Kf3 Bd6 52. Nd5 Bc5 53.
Nf4 Ba3 54. Nxh5 Bc1 55. g4+ Kg6 56. Nf4+ Kh6 57. Ke4 Bb2 58. Kf5 Kg7 59. Nd5
Kf7 60. h5 Kg7 61. h6+ Kxh6 62. Nxf6 Kg7 63. g5 Bxf6 64. gxf6+ Kf7 65. Ke5 Kf8
66. Kd5 Kf7 67. Kc5 Kxf6 68. Kb5 Ke7 69. Kxa5 Kd7 70. Kb6 Kc8 71. Ka7 Kc7 72.
a5 Kc8 73. a6 Kc7 1/2-1/2

[Event "XXXII Festival A"]
[Site "Arco ITA"]
[Date "2010.10.20"]
[Round "5"]
[White "Ziltener, Werner"]
[Black "Panarello, Giuseppe"]
[Result "0-1"]
[WhiteElo "2116"]
[BlackElo "1925"]
[PlyCount "134"]
[EventDate "2010.10.16"]

1. d4 Nf6 2. Nf3 e6 3. g3 b6 4. Bg2 Bb7 5. O-O d6 6. c4 Nbd7 7. Nc3 Be7 8. Qc2
c5 9. d5 exd5 10. Nh4 O-O 11. Nf5 Re8 12. Nxe7+ Qxe7 13. Bg5 h6 14. Bxd5 Bxd5
15. Nxd5 Qxe2 16. Qxe2 Rxe2 17. Bxf6 Nxf6 18. Nxf6+ gxf6 19. b3 Rae8 20. Rfd1
R8e6 21. Kf1 Rc2 22. Rdc1 Ree2 23. Rxc2 Rxc2 24. Rd1 Rxa2 25. Rxd6 Kg7 26. Rd7
f5 27. h4 Kg6 28. Rd6+ f6 29. Rd7 f4 30. Kg2 fxg3 31. Kxg3 h5 32. Rd8 Rb2 33.
Rd3 a5 34. f3 a4 35. bxa4 Rb4 36. Ra3 Rxc4 37. a5 bxa5 38. Rxa5 Rc1 39. Ra8 c4
40. Rc8 c3 41. Rc5 c2 42. Kf4 Rh1 43. Rxc2 Rxh4+ 44. Kg3 Ra4 45. Rc5 h4+ 46.
Kh3 f5 47. Rc8 Kg5 48. Rh8 Rb4 49. Rh7 Rb1 50. Kg2 Rb2+ 51. Kh3 Kf4 52. Rxh4+
Kxf3 53. Ra4 Re2 54. Ra3+ Re3 55. Ra2 Re2 56. Ra3+ Kf2 57. Ra5 f4 58. Kg4 f3
59. Ra3 Re4+ 60. Kh3 Re3 61. Ra2+ Kf1 62. Ra1+ Re1 63. Ra3 f2 64. Kh2 Ke2 65.
Ra2+ Ke3 66. Ra3+ Ke4 67. Ra4+ Kd5 0-1

[Event "XXXII Festival A"]
[Site "Arco ITA"]
[Date "2010.10.21"]
[Round "6"]
[White "Aigner, Georg"]
[Black "Helbig, Dieter"]
[Result "1-0"]
[WhiteElo "1986"]
[BlackElo "1872"]
[PlyCount "119"]
[EventDate "2010.10.16"]

1. e4 c5 2. Nf3 Nc6 3. d4 cxd4 4. Nxd4 g6 5. Bc4 Bg7 6. Nxc6 bxc6 7. O-O d6 8.
Qf3 e6 9. Nc3 Ne7 10. Bg5 O-O 11. h4 Qc7 12. h5 f6 13. Be3 g5 14. Rad1 Kh8 15.
Qg3 e5 16. Bc1 h6 17. Rd2 f5 18. Rfd1 fxe4 19. Be2 Nf5 20. Qh2 e3 21. fxe3 Nxe3
22. Re1 Qb6 23. Na4 Qb4 24. Nc3 d5 25. Rd3 Nf5 26. a3 Qb6+ 27. Kh1 e4 28. Rdd1
Qf2 29. Qg1 Ng3+ 30. Kh2 Nf1+ 31. Qxf1 Qh4+ 32. Kg1 Rxf1+ 33. Rxf1 g4 34. Rf4
Be6 35. Be3 Be5 36. Bd4 Bxd4+ 37. Rxd4 Qxh5 38. Rd1 Rb8 39. Na4 Qg5 40. g3 h5
41. Kg2 Kg7 42. Nc5 Bc8 43. b4 h4 44. Rdf1 hxg3 45. Rf7+ Kg6 46. Rf8 Qe5 47.
Rg8+ Kh7 48. Rff8 e3 49. Bd3+ Bf5 50. Bxf5+ Qxf5 51. Rxf5 Rxg8 52. Re5 d4 53.
Kxg3 Kg6 54. Re4 Kh5 55. Rxd4 Re8 56. Re4 Rxe4 57. Nxe4 e2 58. Kf2 Kh4 59. Kxe2
g3 60. Kf3 1-0

[Event "XXXII Festival A"]
[Site "Arco ITA"]
[Date "2010.10.21"]
[Round "6"]
[White "Basso, Pier Luigi"]
[Black "Camerini, Lorenzo"]
[Result "1/2-1/2"]
[WhiteElo "1779"]
[BlackElo "2100"]
[PlyCount "48"]
[EventDate "2010.10.16"]

1. e4 c5 2. Nf3 Nc6 3. d4 cxd4 4. Nxd4 g6 5. c4 Nf6 6. Nc3 Nxd4 7. Qxd4 d6 8.
c5 dxc5 9. Bb5+ Bd7 10. Qxc5 a6 11. Bxd7+ Nxd7 12. Qe3 Bg7 13. O-O O-O 14. Rd1
e6 15. Qh3 Qe7 16. Bh6 Rfd8 17. Bxg7 Kxg7 18. Qg3 Qb4 19. Qe3 Qxb2 20. Rab1 Qa3
21. Rxb7 Nf6 22. Rxd8 Rxd8 23. h3 Rc8 24. Rb3 Qc5 1/2-1/2

[Event "XXXII Festival A"]
[Site "Arco ITA"]
[Date "2010.10.21"]
[Round "6"]
[White "Billio, Atto"]
[Black "Antoniacci, Riccardo"]
[Result "1-0"]
[WhiteElo "2138"]
[BlackElo "1923"]
[PlyCount "71"]
[EventDate "2010.10.16"]

1. c4 e5 2. g3 f5 3. Bg2 Nf6 4. Nc3 d6 5. d3 g6 6. e3 Bg7 7. Nge2 O-O 8. O-O c6
9. Rb1 Be6 10. b3 Nbd7 11. e4 Qc7 12. h3 a6 13. Be3 Nh5 14. exf5 gxf5 15. f4
Nxg3 16. Nxg3 exf4 17. Bxf4 Bxc3 18. d4 Qb6 19. Ne2 Bb4 20. Qc1 Qa5 21. a3 Qxa3
22. Qe3 Rf6 23. Ra1 Qb2 24. Qd3 Rg6 25. Rfb1 Nc5 26. Qd1 Qxa1 27. Rxa1 Ne4 28.
Kh2 d5 29. Qc2 Kf7 30. Bf3 Rag8 31. Bh5 Ke7 32. Bxg6 hxg6 33. Be5 Nd2 34. Ra4
a5 35. Rxb4 Nf1+ 36. Kg1 1-0

[Event "XXXII Festival A"]
[Site "Arco ITA"]
[Date "2010.10.21"]
[Round "6"]
[White "Bonade', Massimo"]
[Black "Baeta, Marcio Netto"]
[Result "0-1"]
[WhiteElo "2091"]
[BlackElo "2221"]
[PlyCount "85"]
[EventDate "2010.10.16"]

1. d4 Nf6 2. c4 c5 3. d5 b5 4. cxb5 a6 5. bxa6 Bxa6 6. Nc3 g6 7. Nf3 Bg7 8. e4
Bxf1 9. Kxf1 d6 10. g3 O-O 11. Kg2 Ng4 12. Re1 Nd7 13. Qe2 Qa5 14. h3 Nge5 15.
Nxe5 Nxe5 16. f4 Nd7 17. Bd2 Rfb8 18. Reb1 Qa6 19. Qxa6 Rxa6 20. Kf3 c4 21. Be3
Rxb2 22. Rxb2 Bxc3 23. Rab1 Bxb2 24. Rxb2 f5 25. Rc2 Nf6 26. exf5 gxf5 27. Rxc4
Rxa2 28. Rc8+ Kf7 29. Rh8 Ra3 30. Kf2 Rd3 31. Ke2 Rxd5 32. Ra8 h5 33. Kf3 Rd3
34. Ke2 Rb3 35. Ra5 Ke6 36. Ra8 Rb2+ 37. Kf3 Ng4 38. Bd4 Nh2+ 39. Ke3 Nf1+ 40.
Kf3 Rb3+ 41. Kg2 Nxg3 42. Ra4 Ne4 43. Bg7 0-1

[Event "XXXII Festival A"]
[Site "Arco ITA"]
[Date "2010.10.21"]
[Round "6"]
[White "Bondielli, Giorgio"]
[Black "Prezzi, Adriano"]
[Result "1/2-1/2"]
[WhiteElo "1880"]
[BlackElo "1682"]
[PlyCount "110"]
[EventDate "2010.10.16"]

1. e4 c5 2. d4 cxd4 3. c3 dxc3 4. Nxc3 Nc6 5. Nf3 e6 6. Bc4 Qc7 7. Qe2 Nf6 8.
h3 d6 9. O-O a6 10. Bf4 Be7 11. Rac1 O-O 12. Rfd1 Rd8 13. Bb3 Qa5 14. e5 dxe5
15. Nxe5 Nxe5 16. Bxe5 Bd7 17. Rd2 Bc6 18. Rcd1 Rxd2 19. Rxd2 Rd8 20. Rxd8+
Qxd8 21. Bc2 Qb6 22. Qd2 Qd8 23. Qf4 Ne8 24. Ne4 Bxe4 25. Qxe4 g6 26. Qxb7 Qa5
27. Bc3 Bf6 28. Qf3 Bxc3 29. Qxc3 Nf6 30. a3 Nd5 31. Qd3 Qc7 32. Bb3 Nf4 33.
Qc4 Qe5 34. Bd1 Qe1+ 35. Qf1 Qd2 36. b3 Qd6 37. a4 Qd2 38. Bf3 Qc3 39. Qd1 Nd3
40. Be4 Nc5 41. Bc2 e5 42. Kh2 e4 43. Qe2 f5 44. Qd1 Nd3 45. Kg1 Qd4 46. Qd2
Kf7 47. h4 Ke6 48. Kf1 f4 49. Kg1 h6 50. Kf1 g5 51. hxg5 hxg5 52. Kg1 Qa1+ 53.
Kh2 Qf1 54. Qa5 Nxf2 55. Qb6+ Kd5 1/2-1/2

[Event "XXXII Festival A"]
[Site "Arco ITA"]
[Date "2010.10.21"]
[Round "6"]
[White "Bortolotti, Silvano"]
[Black "Schaberg, Wolfgang"]
[Result "0-1"]
[WhiteElo "1778"]
[BlackElo "1941"]
[PlyCount "58"]
[EventDate "2010.10.16"]

1. e4 c5 2. Nc3 Nc6 3. f4 d6 4. Bc4 a6 5. a4 g6 6. Nf3 Bg7 7. O-O e6 8. d3 Nge7
9. Qe1 O-O 10. f5 exf5 11. Bg5 Kh8 12. exf5 Bxf5 13. Qh4 f6 14. Bh6 d5 15.
Bxg7+ Kxg7 16. Ba2 Qd6 17. g4 Be6 18. Rae1 Bg8 19. g5 fxg5 20. Nxg5 h6 21. Nf3
Rf4 22. Qh3 Raf8 23. Ne2 Rxa4 24. Bb1 Be6 25. Qg2 Rg4 26. Ng3 Nf5 27. Qe2 Nxg3
28. hxg3 Qxg3+ 29. Kh1 Rxf3 0-1

[Event "XXXII Festival A"]
[Site "Arco ITA"]
[Date "2010.10.21"]
[Round "6"]
[White "Bottesi, Gianluca"]
[Black "Stolfa, Rodolfo"]
[Result "1/2-1/2"]
[WhiteElo "1704"]
[BlackElo "1876"]
[PlyCount "118"]
[EventDate "2010.10.16"]

1. d4 d5 2. c4 e6 3. Nc3 Nf6 4. Nf3 Nbd7 5. Qc2 Bb4 6. a3 Bxc3+ 7. bxc3 dxc4 8.
e3 b5 9. a4 c6 10. Ba3 Nd5 11. Be2 Bb7 12. O-O Ne7 13. Rfb1 a6 14. Bxc4 O-O 15.
Ng5 Nf6 16. Bd3 h6 17. Ne4 Nxe4 18. Bxe4 Re8 19. c4 Qd7 20. Bd3 bxc4 21. Bxc4
Nd5 22. a5 Rab8 23. Qd3 Nc7 24. Bc5 Nb5 25. Rd1 Qd8 26. e4 Qg5 27. Bb6 Kh8 28.
d5 exd5 29. exd5 cxd5 30. Bxb5 axb5 31. Qxb5 Ba8 32. Re1 Rec8 33. Qd3 d4 34.
Qg3 Qd5 35. Rad1 Rxb6 36. axb6 Rd8 37. Rd3 Bb7 38. Red1 Qc5 39. Qc7 Qd5 40. f3
Rc8 41. Qe7 Rc4 42. Qe8+ Kh7 43. Qe4+ Qxe4 44. fxe4 Rb4 45. Rxd4 Rxb6 46. Rd7
Bxe4 47. Rxf7 Rb2 48. g3 Rg2+ 49. Kf1 Rxh2 50. Rdd7 Rh5 51. Rxg7+ Kh8 52. Rge7
Bd5 53. Rh7+ Kg8 54. Rdg7+ Kf8 55. Kf2 Bg8 56. Kf3 Bxh7 57. Rxh7 Kg8 58. Rb7
Rc5 59. Kf4 Rd5 1/2-1/2

[Event "XXXII Festival A"]
[Site "Arco ITA"]
[Date "2010.10.21"]
[Round "6"]
[White "Bove, Alessandro"]
[Black "Valenti, Giuseppe"]
[Result "1-0"]
[WhiteElo "2397"]
[BlackElo "2162"]
[PlyCount "60"]
[EventDate "2010.10.16"]

1. e4 e5 2. Bc4 Nf6 3. d3 Nc6 4. Nc3 Be7 5. f4 d6 6. Nf3 Be6 7. Nd5 O-O 8. O-O
Bxd5 9. exd5 Nd4 10. c3 Nxf3+ 11. Qxf3 Nd7 12. Bb3 exf4 13. d4 Bf6 14. Bc2 Re8
15. Bxf4 Re7 16. Bd2 Qf8 17. Rf2 Qd8 18. Raf1 a6 19. Bd3 Re8 20. g3 Qe7 21. h4
Rad8 22. Qg4 Kh8 23. Bf5 Nb6 24. Bc2 Qd7 25. Qh5 g6 26. Qf3 Bg7 27. h5 f5 28.
Bg5 Rc8 29. hxg6 hxg6 30. g4 Rf8 1-0

[Event "XXXII Festival A"]
[Site "Arco ITA"]
[Date "2010.10.21"]
[Round "6"]
[White "Buglisi, Massimo"]
[Black "Thonig, Manfred"]
[Result "1/2-1/2"]
[WhiteElo "1875"]
[BlackElo "1607"]
[PlyCount "123"]
[EventDate "2010.10.16"]

1. d4 e6 2. c4 f5 3. g3 Nf6 4. Bg2 Bb4+ 5. Bd2 Bxd2+ 6. Nxd2 d5 7. Nh3 c6 8.
O-O O-O 9. Qc2 Nbd7 10. cxd5 cxd5 11. Nf4 Qe8 12. Nf3 Ne4 13. Nd3 Ndf6 14. Nfe5
Bd7 15. Qc7 Bc6 16. Nxc6 bxc6 17. Rfc1 Rc8 18. Qxa7 Rf7 19. Qb6 Nd7 20. Qb4 Rb8
21. Qe1 Nb6 22. f3 Nd6 23. e4 fxe4 24. fxe4 Re7 25. Ne5 Nbc4 26. Nxc6 Qxc6 27.
b3 Qb6 28. bxc4 Qxd4+ 29. Kh1 Nxe4 30. Bxe4 dxe4 31. Qc3 Qc5 32. Re1 Qc6 33.
Re3 Reb7 34. Rae1 Rb2 35. R3e2 Rxe2 36. Rxe2 e3+ 37. Kg1 Rb1+ 38. Re1 Qe4 39.
c5 Rxe1+ 40. Qxe1 e2 41. Kf2 Qd4+ 42. Kxe2 Qxc5 43. Kf1 Qf5+ 44. Qf2 Qb1+ 45.
Kg2 Qe4+ 46. Kh3 h5 47. Qf4 Qd5 48. a4 e5 49. Qf5 h4 50. Kxh4 Qd4+ 51. Qg4 Qd8+
52. Kh3 Qb6 53. Kg2 Qc6+ 54. Kh3 Qh6+ 55. Qh4 Qe6+ 56. Qg4 Qh6+ 57. Kg2 Qd2+
58. Kf1 Qd3+ 59. Qe2 Qf5+ 60. Kg2 e4 61. Qe3 Qd5 62. a5 1/2-1/2

[Event "XXXII Festival A"]
[Site "Arco ITA"]
[Date "2010.10.21"]
[Round "6"]
[White "Cavatorta, Fosco"]
[Black "Prelati, Maurizio"]
[Result "1-0"]
[WhiteElo "1936"]
[BlackElo "2111"]
[PlyCount "63"]
[EventDate "2010.10.16"]

1. d4 d5 2. Nf3 Nf6 3. e3 c5 4. c3 e6 5. Bd3 Nc6 6. Nbd2 Be7 7. O-O O-O 8. dxc5
e5 9. e4 Bxc5 10. exd5 Nxd5 11. Ne4 Be7 12. Nfg5 g6 13. h4 Nf6 14. Nxf6+ Bxf6
15. Bc4 Bf5 16. Qb3 Qc7 17. Bd5 Rad8 18. Qc4 Rd6 19. Be3 Kg7 20. Bc5 Rfd8 21.
Bxd6 Rxd6 22. Rad1 Qd8 23. Bf3 Bxg5 24. Rxd6 Qxd6 25. hxg5 Qd2 26. Qh4 Qc2 27.
Bxc6 bxc6 28. Re1 Be6 29. Rxe5 Qxb2 30. Qd4 Kg8 31. Ra5 Qc1+ 32. Kh2 1-0

[Event "XXXII Festival A"]
[Site "Arco ITA"]
[Date "2010.10.21"]
[Round "6"]
[White "Cottarelli, Franco"]
[Black "Casagrande, Fabio"]
[Result "0-1"]
[WhiteElo "1889"]
[BlackElo "2010"]
[PlyCount "65"]
[EventDate "2010.10.16"]

1. b4 e5 2. Bb2 Bxb4 3. Bxe5 Nf6 4. Nf3 O-O 5. e3 Re8 6. Be2 d5 7. O-O Bg4 8.
Bb2 c5 9. d3 Nc6 10. Nbd2 b5 11. a4 a6 12. axb5 axb5 13. Rxa8 Qxa8 14. Bxf6
gxf6 15. h3 Bh5 16. g4 Bg6 17. Nb3 Qa2 18. Kh1 Qb2 19. h4 h6 20. Qb1 Qc3 21.
Nc1 Ra8 22. Na2 Qa3 23. Nxb4 Nxb4 24. Rc1 Na2 25. Rg1 Nc3 26. Qf1 Qb2 27. Ne1
c4 28. g5 hxg5 29. hxg5 Nxe2 30. Qxe2 Kg7 31. gxf6+ Qxf6 32. Rg2 Ra1 33. f4 0-1

[Event "XXXII Festival A"]
[Site "Arco ITA"]
[Date "2010.10.21"]
[Round "6"]
[White "Damia, Angelo"]
[Black "Farago, Ivan"]
[Result "1/2-1/2"]
[WhiteElo "2287"]
[BlackElo "2420"]
[PlyCount "32"]
[EventDate "2010.10.16"]

1. e4 e6 2. Nf3 d5 3. exd5 exd5 4. d4 Nc6 5. c3 Bd6 6. Bd3 Nge7 7. Bg5 f6 8.
Bh4 Bg4 9. Bg3 Qd7 10. Nbd2 Qe6+ 11. Qe2 Qxe2+ 12. Kxe2 O-O-O 13. Rae1 Ng6 14.
Bxd6 Rxd6 15. g3 Nce7 16. Kd1 Re6 1/2-1/2

[Event "XXXII Festival A"]
[Site "Arco ITA"]
[Date "2010.10.21"]
[Round "6"]
[White "De Andres Gonalons, Fernando"]
[Black "Dalponte, Dino"]
[Result "0-1"]
[WhiteElo "2041"]
[BlackElo "2141"]
[PlyCount "80"]
[EventDate "2010.10.16"]

1. d4 d5 2. c4 e6 3. Nc3 c6 4. Nf3 f5 5. cxd5 exd5 6. g3 Bd6 7. Bg2 Nf6 8. Bg5
h6 9. Bxf6 Qxf6 10. e3 Nd7 11. Qc2 O-O 12. a3 Qe7 13. h4 Nf6 14. Ne2 Qe4 15.
Rc1 Re8 16. O-O Qg4 17. Nf4 Bxf4 18. exf4 Qh5 19. Ne5 Re7 20. Rfe1 Be6 21. Re3
Ng4 22. Qe2 Rae8 23. Bf3 Bc8 24. Re1 g5 25. Bxg4 fxg4 26. Kg2 gxf4 27. gxf4 Qf5
28. Kg3 h5 29. Qd3 Kg7 30. b4 Qf6 31. Qd2 Bf5 32. f3 gxf3 33. Nxf3 Be4 34. Ng5
Qf5 35. Qe2 Kh6 36. Qf2 Rf8 37. Rf1 Qg4+ 38. Kh2 Rxf4 39. Nf3 Rxf3 40. Rxf3
Bxf3 0-1

[Event "XXXII Festival A"]
[Site "Arco ITA"]
[Date "2010.10.21"]
[Round "6"]
[White "De Minico, Stefano"]
[Black "Borries, Barbara"]
[Result "1-0"]
[WhiteElo "1921"]
[BlackElo "1904"]
[PlyCount "57"]
[EventDate "2010.10.16"]

1. e4 e6 2. d4 d5 3. Nd2 Nf6 4. e5 Nfd7 5. Ngf3 c5 6. c3 Nc6 7. Nb3 Be7 8. Be2
O-O 9. O-O c4 10. Nbd2 b5 11. Re1 a5 12. Nf1 b4 13. Bd2 Qc7 14. Qc2 f6 15. exf6
Nxf6 16. Ng3 Bd6 17. Ng5 h6 18. Nf3 Bd7 19. Nh4 Bf4 20. Bxf4 Qxf4 21. Ng6 Qd6
22. Nxf8 Rxf8 23. Qg6 Qf4 24. Qc2 e5 25. dxe5 Nxe5 26. Rad1 Be6 27. Qd2 Qxf2+
28. Kxf2 Ne4+ 29. Kg1 1-0

[Event "XXXII Festival A"]
[Site "Arco ITA"]
[Date "2010.10.21"]
[Round "6"]
[White "De Polzer, Manfredi"]
[Black "Schuetzler, Bernd"]
[Result "1/2-1/2"]
[WhiteElo "1809"]
[BlackElo "1707"]
[PlyCount "102"]
[EventDate "2010.10.16"]

1. e4 e5 2. Nf3 Nc6 3. Bc4 Bc5 4. Nc3 Nf6 5. d3 d6 6. Bg5 h6 7. Bh4 Na5 8. Qe2
Nxc4 9. dxc4 Bb4 10. Bxf6 Qxf6 11. Qe3 Bg4 12. O-O-O Bxc3 13. Qxc3 Bxf3 14.
gxf3 O-O-O 15. Rdg1 h5 16. Qe3 b6 17. b3 Rhg8 18. Kb2 g5 19. Rg3 h4 20. Rg4 Qe7
21. Rhg1 f6 22. a4 a5 23. Qd2 Qd7 24. Qd5 c6 25. Qd3 Qb7 26. Rd1 Rd7 27. Qe3
Rgd8 28. Rgg1 Qc7 29. Rd3 Kb7 30. Rgd1 Kc8 31. Qe2 c5 32. R1d2 Qc6 33. Rd5 Kc7
34. R2d3 Kb7 35. Qf1 Kc7 36. Qh3 Rf7 37. Qe6 Qd7 38. Rxd6 Qxe6 39. Rxe6 Rxd3
40. cxd3 Rd7 41. Rxf6 Rxd3 42. Kc2 Rd6 43. Rf5 Rg6 44. h3 Kd6 45. Kd3 Ke6 46.
Rf8 Kd6 47. Ke3 Kd7 48. Rb8 Kc7 49. Ra8 Kc6 50. Ra7 Kd6 51. Kd2 Kc6 1/2-1/2

[Event "XXXII Festival A"]
[Site "Arco ITA"]
[Date "2010.10.21"]
[Round "6"]
[White "Del Nevo, Claudio"]
[Black "Sprea, Giuseppe"]
[Result "0-1"]
[WhiteElo "1859"]
[BlackElo "1982"]
[PlyCount "106"]
[EventDate "2010.10.16"]

1. d4 Nf6 2. Nf3 e6 3. Bg5 Be7 4. Bxf6 Bxf6 5. e3 c5 6. c3 Qc7 7. Bd3 d5 8.
Nbd2 Nd7 9. O-O O-O 10. Qc2 g6 11. Rac1 Bg7 12. h4 b6 13. h5 f5 14. hxg6 hxg6
15. g3 Bf6 16. Kg2 Bb7 17. Rh1 Kg7 18. Nh4 Rh8 19. f4 Bxh4 20. gxh4 Nf6 21. Nf3
Qe7 22. Ng5 Rac8 23. Qd2 Rh6 24. Rh3 Rch8 25. Rch1 a5 26. Qe2 c4 27. Bc2 b5 28.
Kg3 Bc6 29. Nf3 Bd7 30. Ne5 Rb8 31. Kf3 b4 32. Rg3 Be8 33. Rhg1 Ne4 34. Nxg6
Bxg6 35. h5 Nxg3 36. Rxg3 Rxh5 37. Qg2 Qf6 38. Kf2 Rbh8 39. Kg1 R8h6 40. Bd1
Rh4 41. Bf3 Kf7 42. Qc2 Qe7 43. Qa4 bxc3 44. bxc3 Qb7 45. Bd1 Rh8 46. Kf2 Rh2+
47. Kf1 Rh1+ 48. Rg1 Rxg1+ 49. Kxg1 Bh5 50. Bc2 Bf3 51. Kf2 Be4 52. Bd1 Kf6 53.
Qa3 Qg7 0-1

[Event "XXXII Festival A"]
[Site "Arco ITA"]
[Date "2010.10.21"]
[Round "6"]
[White "Drasko, Milan"]
[Black "Trois, Francisco R.T."]
[Result "1-0"]
[WhiteElo "2486"]
[BlackElo "2309"]
[PlyCount "43"]
[EventDate "2010.10.16"]

1. d4 Nf6 2. c4 d6 3. Nf3 g6 4. g3 Bg7 5. Bg2 O-O 6. O-O c6 7. Nc3 Qa5 8. e4
Qh5 9. Ng5 Qxd1 10. Rxd1 e5 11. Nf3 Nbd7 12. b3 Re8 13. d5 cxd5 14. Nb5 dxe4
15. Ng5 h6 16. Nc7 hxg5 17. Nxa8 Nc5 18. Nc7 Re7 19. Nb5 a6 20. Nc3 Ne6 21.
Rxd6 Ne8 22. Nd5 1-0

[Event "XXXII Festival A"]
[Site "Arco ITA"]
[Date "2010.10.21"]
[Round "6"]
[White "Eperjesi, Laszlo"]
[Black "Calavalle, Giulio"]
[Result "1/2-1/2"]
[WhiteElo "2194"]
[BlackElo "2238"]
[PlyCount "39"]
[EventDate "2010.10.16"]

1. d4 c5 2. d5 g6 3. c4 f5 4. g3 Nf6 5. Nc3 Bg7 6. Bg2 d6 7. Nh3 Na6 8. O-O O-O
9. Rb1 Bd7 10. b3 Nc7 11. Bb2 a6 12. Ng5 Rb8 13. Qc2 b5 14. a3 Ng4 15. Nd1 Nf6
16. f4 e6 17. Ne3 h6 18. Nxe6 Nxe6 19. dxe6 Bxe6 20. Rfd1 1/2-1/2

[Event "XXXII Festival A"]
[Site "Arco ITA"]
[Date "2010.10.21"]
[Round "6"]
[White "Galas, Franco"]
[Black "Korenevski, Oleg"]
[Result "0-1"]
[WhiteElo "1794"]
[BlackElo "1930"]
[PlyCount "72"]
[EventDate "2010.10.16"]

1. d4 Nf6 2. Nf3 d5 3. e3 g6 4. Bd3 Bg7 5. c3 b6 6. Nbd2 a5 7. Bc2 Ba6 8. b3
O-O 9. c4 c6 10. O-O b5 11. cxb5 cxb5 12. Re1 Nc6 13. a3 b4 14. a4 Rc8 15. Bb2
Rc7 16. Nf1 Ne4 17. Bd3 Bxd3 18. Qxd3 Qd6 19. N1d2 f5 20. Qf1 Bf6 21. g3 e6 22.
h4 h6 23. Nxe4 fxe4 24. Ne5 Nxe5 25. dxe5 Bxe5 26. Bxe5 Qxe5 27. Qh3 Rc2 28.
Rf1 Rcxf2 29. Rac1 Rxf1+ 30. Rxf1 Rxf1+ 31. Qxf1 Qxg3+ 32. Qg2 Qxg2+ 33. Kxg2
Kf7 34. Kg3 Kf6 35. Kg4 e5 36. h5 gxh5+ 0-1

[Event "XXXII Festival A"]
[Site "Arco ITA"]
[Date "2010.10.21"]
[Round "6"]
[White "Gardini, Enrico"]
[Black "Di Lazzaro, Gabriele"]
[Result "0-1"]
[WhiteElo "1815"]
[BlackElo "1901"]
[PlyCount "74"]
[EventDate "2010.10.16"]

1. c4 e5 2. Nc3 Bb4 3. Qb3 Nc6 4. a3 Bc5 5. Ne4 Be7 6. Nf3 Nf6 7. Nxf6+ Bxf6 8.
e4 O-O 9. Be2 d6 10. h3 Rb8 11. Qd1 a5 12. O-O Be6 13. d3 Be7 14. Bd2 f5 15.
Bc3 fxe4 16. dxe4 Qe8 17. Qd2 Qg6 18. Kh2 Qxe4 19. Bxa5 Nxa5 20. Qxa5 Qxe2 21.
Qxc7 Rbe8 22. Qxb7 Qxc4 23. Rfd1 Qf4+ 24. Kg1 e4 25. Rd4 d5 26. Rf1 Bf6 27. Rb4
Bf7 28. Nh2 Rb8 29. Qd7 Rxb4 30. axb4 Bxb2 31. b5 h5 32. g3 Qf6 33. Qa7 Bd4 34.
Qa2 Bb6 35. Qe2 Qe5 36. Kg2 d4 37. Rd1 Bd5 0-1

[Event "XXXII Festival A"]
[Site "Arco ITA"]
[Date "2010.10.21"]
[Round "6"]
[White "Garvani, Vittorio"]
[Black "Leutwyler, Martin"]
[Result "0-1"]
[WhiteElo "1940"]
[BlackElo "2169"]
[PlyCount "84"]
[EventDate "2010.10.16"]

1. d4 f5 2. c4 Nf6 3. Nc3 d6 4. g3 g6 5. Bg2 Bg7 6. Nh3 O-O 7. O-O Nc6 8. e3 e5
9. d5 Nb8 10. Ne2 a5 11. Bd2 Nbd7 12. Rc1 Nc5 13. Bc3 Nfe4 14. Be1 Bd7 15. f3
Nf6 16. Nf2 Bh6 17. Bd2 b5 18. b3 bxc4 19. bxc4 c6 20. f4 e4 21. dxc6 Bxc6 22.
Nd4 Qd7 23. Bc3 Bg7 24. Qd2 a4 25. Rfd1 Rfc8 26. Rb1 Ra6 27. Rb4 Ba8 28. Rdb1
d5 29. Bf1 Nd3 30. Nxd3 exd3 31. Bxd3 h6 32. c5 Ra7 33. Bb5 Qe7 34. c6 Ne4 35.
Qb2 Rac7 36. Rc1 Nd6 37. Qd2 Nxb5 38. Rxb5 Bxc6 39. Rbb1 Bb7 40. Ba1 Qe4 41.
Kf2 Bxd4 42. Bxd4 Rc2 0-1

[Event "XXXII Festival A"]
[Site "Arco ITA"]
[Date "2010.10.21"]
[Round "6"]
[White "Giancotti, Eraldo"]
[Black "Von Wantoch, Markus"]
[Result "1-0"]
[WhiteElo "2062"]
[BlackElo "1927"]
[PlyCount "129"]
[EventDate "2010.10.16"]

1. Nc3 e5 2. d4 exd4 3. Qxd4 Nc6 4. Qd3 Nf6 5. Bg5 Be7 6. O-O-O d6 7. f3 Nd5 8.
Bxe7 Ndxe7 9. e4 Ne5 10. Qb5+ Qd7 11. Qb3 O-O 12. Nh3 Qe6 13. Qxe6 Bxe6 14. Nf4
g5 15. Nxe6 fxe6 16. Nb5 Rac8 17. Nxa7 Ra8 18. Nb5 Rxa2 19. Nxc7 Ra1+ 20. Kd2
Rxd1+ 21. Kxd1 Kf7 22. Be2 N7g6 23. g3 Ke7 24. Rf1 Nc6 25. Bc4 Nd4 26. c3 Rc8
27. cxd4 Rxc7 28. b3 e5 29. Kd2 exd4 30. Kd3 b5 31. Bd5 Ne5+ 32. Kxd4 Rc2 33.
f4 gxf4 34. gxf4 Ng4 35. h3 Nf6 36. Bb7 Rd2+ 37. Kc3 Re2 38. Rf3 b4+ 39. Kxb4
Nxe4 40. Bxe4 Rxe4+ 41. Kb5 Ke6 42. Kc6 Rd4 43. f5+ Kf6 44. Kb5 Rd5+ 45. Kc4
Rc5+ 46. Kd4 Rb5 47. Kc3 Rc5+ 48. Kd3 Rb5 49. Kd4 h5 50. h4 Rb4+ 51. Kd5 Rxh4
52. Kxd6 Rh1 53. b4 Rd1+ 54. Kc6 Rc1+ 55. Kb6 h4 56. b5 h3 57. Rxh3 Kxf5 58.
Re3 Rb1 59. Ka6 Ra1+ 60. Kb7 Rb1 61. b6 Rb2 62. Kc7 Rc2+ 63. Kb8 Rb2 64. b7 Ra2
65. Rc3 1-0

[Event "XXXII Festival A"]
[Site "Arco ITA"]
[Date "2010.10.21"]
[Round "6"]
[White "Giaracuni, Claudio"]
[Black "Panjkovic, Aleksandar"]
[Result "1/2-1/2"]
[WhiteElo "1784"]
[BlackElo "2137"]
[PlyCount "149"]
[EventDate "2010.10.16"]

1. d4 d6 2. Nf3 g6 3. Bf4 Bg7 4. e3 Nd7 5. c3 e5 6. dxe5 dxe5 7. Bg3 Qe7 8. Bc4
Ngf6 9. Nbd2 O-O 10. Bh4 e4 11. Ng5 Nc5 12. Qc2 Bf5 13. h3 h6 14. Nxf7 Rxf7 15.
Bxf7+ Qxf7 16. Bxf6 Bxf6 17. O-O Re8 18. Rad1 h5 19. Nb3 Nd3 20. Nd4 Bxd4 21.
cxd4 Qe7 22. f3 exf3 23. Rxd3 Bxd3 24. Qxd3 Qxe3+ 25. Qxe3 Rxe3 26. Rxf3 Re4
27. d5 Re1+ 28. Kh2 Rc1 29. Rd3 Rc2 30. Rc3 Rxc3 31. bxc3 Kf7 32. Kg3 Kf6 33.
Kf4 b5 34. h4 a5 35. a3 Kf7 36. Ke5 Ke7 37. g3 Kd7 38. Kf6 Kd6 39. Kxg6 Kxd5
40. Kxh5 Kc4 41. g4 Kxc3 42. g5 b4 43. g6 b3 44. g7 b2 45. g8=Q b1=Q 46. Qg3+
Kb2 47. Qxc7 Qf5+ 48. Kh6 Kxa3 49. Qc3+ Ka2 50. Qd2+ Kb3 51. Qg5 Qf8+ 52. Kh7
a4 53. h5 a3 54. h6 a2 55. Qg7 Qf5+ 56. Kh8 Qc8+ 57. Qg8+ Qxg8+ 58. Kxg8 a1=Q
59. h7 Qa8+ 60. Kg7 Qb7+ 61. Kg8 Qc8+ 62. Kg7 Qd7+ 63. Kg8 Qe8+ 64. Kg7 Qe7+
65. Kg8 Qg5+ 66. Kh8 Qh6 67. Kg8 Qg6+ 68. Kh8 Qf6+ 69. Kg8 Qe6+ 70. Kg7 Qe5+
71. Kg8 Qg5+ 72. Kh8 Qh6 73. Kg8 Kc4 74. h8=Q Qxh8+ 75. Kxh8 1/2-1/2